| 000 | 01259cam a2200217 4500500 | ||
|---|---|---|---|
| 005 | 20260301002832.0 | ||
| 041 | _afre | ||
| 042 | _adc | ||
| 100 | 1 | 0 |
_aDeram, Jennifer _eauthor |
| 700 | 1 | 0 |
_aMoncel, Nathalie _eauthor |
| 245 | 0 | 0 | _aAccompagner sans sélectionner : les tensions de Territoires zéro chômeur de longue durée |
| 260 | _c2026. | ||
| 500 | _a18 | ||
| 520 | _aEn faisant le pari du droit à l’emploi pour les personnes les plus éloignées du marché du travail, l’expérimentation Territoires zéro chômeur de longue durée innove dans sa phase de lancement par de nouvelles pratiques de mobilisation et d’accompagnement. Mais à mesure que l’expérimentation et les entreprises à but d’emploi se structurent, les places se raréfient et les exigences économiques s’imposent. Une tension émerge entre logique sociale et logique économique qui conduit à faire évoluer l’accompagnement proposé. | ||
| 690 | _aChômage de longue durée | ||
| 690 | _aExpérimentation sociale | ||
| 690 | _aMesure pour l'emploi | ||
| 690 | _aRéinsertion | ||
| 786 | 0 | _nCéreq Bref | 481 | 1 | 2026-02-10 | p. 1-4 | 0758-1858 | |
| 856 | 4 | 1 | _uhttps://shs.cairn.info/revue-cereq-bref-2026-1-page-1?lang=fr&redirect-ssocas=7080 |
| 999 |
_c1675567 _d1675567 |
||